FCE Practice Exam Papers 1. For the Cambridge English First FCE/FCE(fs) Examination: [student's book]

Bibliografske podrobnosti
Glavni avtor: Evans V. Virginia
Drugi avtorji: Dooley J. Jenny, Milton J. James
Izvleček:The book is aimed at learners of the English language at CEF level B2 preparing for the Cambridge English First FCE/FCE(fs) Examination or any other examinations at the same level of difficulty. The book consists of: 10 complete practice tests written in the same format as the examination itself ; Further practice on Word Distractors, Open Cloze Sentences, Key Word Transformations and Word Formation. Glossary.
Jezik:angleščina
Izdano: Newbury, Express Publishing, 2021
Teme:
Format: Knjiga
KOHA link:https://koha.lib.tpu.ru/cgi-bin/koha/opac-detail.pl?biblionumber=346294

MARC

LEADER 00000nam0a2200000 4500
001 346294
005 20231102005854.0
010 |a 9781471526787 
035 |a (RuTPU)RU\TPU\book\378174 
035 |a RU\TPU\book\259237 
090 |a 346294 
100 |a 20210802d2021 m y0engy50 ba 
101 0 |a eng 
102 |a GB 
105 |a a j 000zy 
200 1 |a FCE Practice Exam Papers 1. For the Cambridge English First FCE/FCE(fs) Examination  |e [student's book]  |f V. Evans, J. Dooley, J. Milton 
210 |a Newbury  |c Express Publishing  |d 2021 
215 |a 244 p.  |c il. 
330 |a The book is aimed at learners of the English language at CEF level B2 preparing for the Cambridge English First FCE/FCE(fs) Examination or any other examinations at the same level of difficulty. The book consists of: 10 complete practice tests written in the same format as the examination itself ; Further practice on Word Distractors, Open Cloze Sentences, Key Word Transformations and Word Formation. Glossary. 
606 1 |a Английский язык  |x Учебные руководства и пособия  |x Учебные руководства и пособия для высшей школы  |2 stltpush  |3 (RuTPU)RU\TPU\subj\29071  |9 52483 
610 1 |a лексика 
610 1 |a грамматика 
610 1 |a тесты 
610 1 |a практические работы 
610 1 |a упражнения 
610 1 |a разговорная речь 
610 1 |a сертификаты 
686 |a Ш143.21-923  |v LBC/SL-A  |2 rubbk 
700 1 |a Evans  |b V.  |g Virginia 
701 1 |a Dooley  |b J.  |g Jenny 
701 1 |a Milton  |b J.  |g James 
801 2 |a RU  |b 63413507  |c 20220705  |g PSBO 
942 |c BK